000 00782cab a2200253 4500
001 WB3025-10
008 090401t1994 xxu||||| |||| 00| 0 eng d
035 _a(Sirsi) u27129
041 _aeng
245 _aIt`s the mixture as before
260 _c1994
350 _a0
490 _aFinancial Times
_v25 June 1994, XIX(1)
520 _aThere is revival in the use of lime and lime mortar, which had been used before the introduction of concrete but lime retains its advantages over concrete.
650 _aBUILDING CONSERVATION
650 _aBUILT ENVIRONMENT-BUILDING MATERIALS
650 _aCONCRETE
650 _aLIME MORTARS
650 _aLIME
690 _aBUILT ENVIRONMENT-BUILDING MATERIALS
690 _aCONSERVATION
942 _n0
948 _c04/03/1997
999 _c18269
_d18269